000 00636nam a2200277Ia 4500
005 20260324135642.0
008 008 260324s9999 xx 000 0 eng d
020 _a9780429062384
037 _aEBOOK
040 _aCRL
040 _beng
040 _cCRL
041 _2eng
041 _aeng
084 _qCRL
100 _aPhilip J. Davis
_91186090
245 4 _aThe Education of a Mathematician
260 _bTaylor and Francis
260 _c2000
365 _a
365 _b225
856 _uhttp://www.taylorfrancis.com/books/9780429062384
942 _cEBOOK
999 _c1802710
_d1802710